| 000 | 00570nam a2200193 a 4500 | ||
|---|---|---|---|
| 001 | 000014784 | ||
| 005 | 20260305073950.0 | ||
| 008 | 100122s2006 dr 001 0 spa d | ||
| 020 | _a9993499765 | ||
| 040 |
_aDO-SdBNP _bspa _cBNPHU |
||
| 082 |
_axxx _bM938r |
||
| 100 | 1 |
_aMoya Pons, Frank, _d1944- _92095 |
|
| 245 | 1 | 4 |
_aLos restos de Colón : _bbibliografía / _cFrank Moya Pons. |
| 260 |
_aSanto Domingo : _bAcademia Dominicana de la Historia, _c2006. |
||
| 300 |
_a101 p. ; _c22 cm. |
||
| 490 | 1 |
_aDocumentos _v39 |
|
| 830 | 0 |
_aDocumentos _n39 _933507 |
|
| 049 | _aBNPD | ||
| 999 |
_c14366 _d14366 |
||